Portland Trail Blazers 2020s Top 10 Leaders - Statistics

General Stats
  • This quiz has been taken 99 times
    19 since last reset
  • The average score is 13 of 21
Answer Stats
Player % Correct
Damian Lillard
100%
Anfernee Simons
94%
Deni Avdija
88%
Jrue Holiday
88%
Jusuf Nurkić
88%
Scoot Henderson
88%
Donovan Clingan
82%
Jerami Grant
82%
Shaedon Sharpe
82%
CJ McCollum
76%
Robert Williams
76%
Toumani Camara
71%
Deandre Ayton
65%
Hassan Whiteside
53%
Matisse Thybulle
53%
Robert Covington
41%
Kris Murray
35%
Carmelo Anthony
29%
Nassir Little
18%
Jabari Walker
12%
Drew Eubanks
0%
No matching quizzes found
Score Distribution
Percent of People with Each Score
Percentile by Number Answered
Your Score History
You have not taken this quiz since the last reset